000 00727nam a22002057a 4500
999 _c5294
_d5294
003 AR-CdUCM
008 190312b ||||| |||| 00| 0 spa d
040 _aMUNICIPALIDAD PROVINCIAL DEL CUSCO
_cBIBLIOTECA MUNICIPAL DEL CUSCO
082 _a908 /
_bB5
100 _aHarold, kurtz
_916006
245 _aEl segundo Reich :
_bLa Alemania del Kaiser Guillermo II /
260 _aBarcelona :
_bNuata,
_c1970.
300 _a127 paginas ;
_c23 cm.
505 _aContenido : En un vagón de tren -- Nacido para una misión -- Heredero de Alemania -- Su propia vida ...
650 _aHistoria de Alemania
_92184
650 _aPolítica e historia
_916007
650 _aHistoria universal
_91423
942 _2ddc
_cLIBROS
945 _arah